[Event "GER-ch Net qual4 U18"]
[Site "Playchess.com INT"]
[Date "2012.09.12"]
[Round "1"]
[White "Mons, Leon"]
[Black "Mittelstaedt, Joel"]
[Result "1-0"]
[WhiteElo "2311"]
[BlackElo "1729"]
[PlyCount "35"]
[EventDate "2012.09.12"]
[EventType "swiss (blitz)"]
[EventRounds "7"]
[EventCountry "GER"]
[SourceTitle "CBM 150 Extra"]
[Source "ChessBase"]
[SourceDate "2012.10.19"]
[SourceVersion "1"]
[SourceVersionDate "2012.10.19"]
[SourceQuality "1"]

1. e4 c6 2. d4 d5 3. f3 dxe4 4. fxe4 Nf6 5. e5 Nd5 6. Nf3 Bg4 7. Bd3 e6 8. 0-0 h6 9. h3 Bh5 10. a3 Nd7 11. c4 N5b6 12. g4 Bg6 13. Bxg6 fxg6 14. Qc2 Qe7 15. Qxg6+ Kd8 16. Ng5 hxg5 17. Bxg5 Nf6 18. exf6 1-0

[Event "GER-ch Net qual1 U18"]
[Site "Playchess.com INT"]
[Date "2012.09.01"]
[Round "4"]
[White "Mittelstaedt, Joel"]
[Black "Moehn, Hans"]
[Result "1-0"]
[WhiteElo "1801"]
[BlackElo "2033"]
[PlyCount "113"]
[EventDate "2012.09.01"]
[EventType "swiss (blitz)"]
[EventRounds "7"]
[EventCountry "GER"]
[SourceTitle "CBM 150 Extra"]
[Source "ChessBase"]
[SourceDate "2012.10.19"]
[SourceVersion "1"]
[SourceVersionDate "2012.10.19"]
[SourceQuality "1"]

1. b4 e5 2. Bb2 Bxb4 3. Bxe5 Nf6 4. Nc3 0-0 5. Bxf6 Qxf6 6. Nd5 Qd6 7. Nxb4 Qxb4 8. c3 Qe7 9. Nf3 b6 10. e3 Bb7 11. Be2 d6 12. d4 Nd7 13. 0-0 Rae8 14. Re1 f5 15. Qa4 a5 16. Bb5 Rd8 17. Qb3+ Kh8 18. Nd2 Nf6 19. Be2 Ne4 20. Qc2 Qg5 21. Nf3 Qf6 22. c4 g5 23. d5 Rde8 24. Bd3 Bc8 25. Nd4 Nc5 26. f3 f4 27. Bxh7 fxe3 28. Nb5 Re7 29. Bd3 g4 30. Be2 gxf3 31. Bxf3 Rg8 32. Qc3 Qxc3 33. Nxc3 Bf5 34. Be2 Bh3 35. Bf3 Bg4 36. Rf1 Bf5 37. Be2 Bd3 38. Bxd3 Nxd3 39. Rf3 Rge8 40. Rh3+ Kg7 41. Rg3+ Kf8 42. Rf1+ Rf7 43. Rxf7+ Kxf7 44. Ne2 Nb4 45. Kf1 Nxa2 46. Nd4 Nc1 47. Ne6 e2+ 48. Ke1 c6 49. Rf3+ Kg6 50. Rg3+ Kh6 51. Rh3+ Kg6 52. Rg3+ Kf7 53. Rf3+ Ke7 54. Kd2 cxd5 55. cxd5 Kd7 56. Rc3 Na2 57. Rc7# 1-0

[Event "GER-chT U14"]
[Site "Magdeburg"]
[Date "2010.12.29"]
[Round "5.1"]
[White "Mittelstaedt, Joel"]
[Black "Kieslich, Aaron"]
[Result "1-0"]
[WhiteElo "1607"]
[BlackElo "1744"]
[PlyCount "61"]
[EventDate "2010.12.27"]
[EventType "team-swiss"]
[EventRounds "7"]
[EventCountry "GER"]
[SourceTitle "CBM 140 Extra"]
[Source "ChessBase"]
[SourceDate "2011.03.01"]
[SourceVersion "1"]
[SourceVersionDate "2011.03.01"]
[SourceQuality "1"]
[WhiteTeam "Baumschulenweg"]
[BlackTeam "Coswig"]
[WhiteTeamCountry "GER"]
[BlackTeamCountry "GER"]

1. b4 e5 2. Bb2 Bxb4 3. Bxe5 Nf6 4. Nc3 Nc6 5. Bxf6 Qxf6 6. Nd5 Qe5 7. Nxb4 Nxb4 8. Rb1 Nc6 9. c3 0-0 10. e3 b6 11. Nf3 Qf6 12. Qc2 Bb7 13. d4 d6 14. h4 g6 15. Be2 Ne7 16. c4 c5 17. d5 Nf5 18. g4 Ng7 19. h5 Bc8 20. Nd2 Qe5 21. Nf3 Qf6 22. Nh4 Bd7 23. Kd2 Rab8 24. f4 a6 25. Bd3 Ne8 26. hxg6 fxg6 27. Bxg6 hxg6 28. Nxg6 b5 29. Rh8+ Kg7 30. Rxf8 Qxg6 31. Rg8+ 1-0

[Event "GER-chT U14"]
[Site "Magdeburg"]
[Date "2010.12.28"]
[Round "3.1"]
[White "Mittelstaedt, Joel"]
[Black "Neef, Maximilian"]
[Result "0-1"]
[WhiteElo "1607"]
[BlackElo "2001"]
[PlyCount "87"]
[EventDate "2010.12.27"]
[EventType "team-swiss"]
[EventRounds "7"]
[EventCountry "GER"]
[SourceTitle "CBM 140 Extra"]
[Source "ChessBase"]
[SourceDate "2011.03.01"]
[SourceVersion "1"]
[SourceVersionDate "2011.03.01"]
[SourceQuality "1"]
[WhiteTeam "Baumschulenweg"]
[BlackTeam "Dresden USV"]
[WhiteTeamCountry "GER"]
[BlackTeamCountry "GER"]

1. b4 e5 2. Bb2 d6 3. e3 Nf6 4. c4 g6 5. d4 Nbd7 6. Nd2 Bg7 7. Qc2 Qe7 8. b5 0-0 9. g3 Re8 10. Ne2 e4 11. Bg2 Nf8 12. d5 h5 13. h3 N8d7 14. Bd4 Nc5 15. Bxc5 dxc5 16. Nc3 Bf5 17. Rc1 a5 18. Nb3 b6 19. a4 Qe5 20. Ne2 Re7 21. Rd1 Ne8 22. Nd2 Nd6 23. Rc1 Ree8 24. Nc3 Rad8 25. Rg1 g5 26. Ne2 Bg6 27. g4 h4 28. Qc3 Qe7 29. Qb3 Rf8 30. f4 exf3 31. Bxf3 Rde8 32. Nf1 Qe5 33. Qc3 Qxc3+ 34. Nxc3 Nxc4 35. Kf2 Ne5 36. Nd2 Nd3+ 37. Ke2 Nf4+ 38. Kf1 Rxe3 39. Nce4 Rxf3+ 40. Nxf3 Bxe4 41. Nxg5 Bxd5 42. Rd1 Bf6 43. Ne4 Bxe4 44. g5 0-1

[Event "GER-chT U12"]
[Site "Verden an der Aller"]
[Date "2006.12.28"]
[Round "4.4"]
[White "Rank, Matthias"]
[Black "Mittelstaedt, Joel"]
[Result "0-1"]
[WhiteElo "903"]
[BlackElo "1175"]
[PlyCount "62"]
[EventDate "2006.12.27"]
[EventType "team-swiss"]
[EventRounds "7"]
[EventCountry "GER"]
[SourceTitle "EXT 2008"]
[Source "ChessBase"]
[SourceDate "2007.11.25"]
[SourceVersion "1"]
[SourceVersionDate "2007.11.25"]
[SourceQuality "1"]
[WhiteTeam "Kelheim SK U12"]
[BlackTeam "Berlin GW Baumschulenweg U12"]
[WhiteTeamCountry "GER"]
[BlackTeamCountry "GER"]

1. e4 e5 2. Nf3 Nc6 3. Bc4 Bc5 4. Nc3 Nf6 5. d3 h6 6. Be3 Bb6 7. Qd2 d6 8. h3 Be6 9. 0-0-0 a5 10. d4 Bxc4 11. dxe5 dxe5 12. Nb5 Qxd2+ 13. Rxd2 Bxb5 14. Rhd1 Bxe3 15. fxe3 0-0 16. g4 Nxe4 17. Rg2 Rad8 18. Rdg1 Ne7 19. h4 Bc6 20. Rh2 Nf6 21. Nxe5 Ng6 22. Nxg6 fxg6 23. g5 hxg5 24. hxg5 Nh5 25. Re1 Rde8 26. Rhe2 Rf3 27. e4 Ng3 28. Rh2 Rxe4 29. Rd1 Rf1 30. Rxf1 Nxf1 31. Rf2 Re1# 0-1